แสดงรายละเอียดบรรณานุกรม
  กลับหน้าหลัก

Brief Record : Get Marc (ISO 2709) : E-mail record : QR code ปิดหน้าต่าง
หนังสืออ้างอิง E-books : เกี่ยวกับ Collections
LEADER 00000nam 2200000uu 4500
001    212174
003     ULIBM
008    020711s2560 th a 000 0 tha d
020    9786163582874
041    ^atha
050  4 อ QC928.74.T5 ก782อ 2560
110 0  ^aกระทรวงเกษตรและสหกรณ์. กรมฝนหลวงและการบินเกษตร.
245    อากาศนาวานุภาพ เรื่องเล่าจากบนฟ้า/^cกรมฝนหลวงและการบินเกษตร กระทรวงเกษตรและสหกรณ์
250    พิมพ์ครั้งที่ 1
260    กรุงเทพฯ :^bกรมฝนหลวงและการบินเกษตร กระทรวงเกษตรและสหกรณ์,^c2560
300    160 หน้า :^bภาพประกอบ ;^c27 ซม.
650  4 ภูมิพลอดุลยเดช,พระบาทสมเด็จพระปรมินทรมหา,2470-2559
650  4 ^aโครงการอันเนื่องมาจากพระราชดำริ
650  4 ^aฝนเทียม^zไทย
856    ^zอากาศนาวานุภาพ.pdf (สารบัญหนังสือ)^uhttp://110.164.94.213/ULIB62015//_fulltext/5/212174/20180828100425_4432.pdf
999    ^aใช้งานได้ทุกระบบ
รายการนี้ยังไม่มีแท็ก
คุณยังไม่ได้ล็อกอิน คุณสามารถมีกิจกรรมร่วมกับเว็บไซต์ได้ แต่ต้องล็อกอินก่อน ::
  ล็อกอิน
ลำดับที่ ประเภท เลขเรียก สถานที่ สถานะ
1. หนังสืออ้างอิง
หนังสืออ้างอิง
อ QC928.74.T5 ก782อ 2560  
  
ชั้นหนังสืออ้างอิง On Shelf
   [แสดง 1/1 รายการ]

รายการใกล้เคียง
    หัวเรื่อง [ภูมิพลอดุลยเดช,พระบาทสมเด็จพระปรมินทรมหา,2470-2559]
    หัวเรื่อง [โครงการอันเนื่องมาจากพระราชดำริ]

BibComment


ยังไม่เคยถูกคอมเมนท์

คอมเมนท์ทรัพยากรรายการนี้
  คอมเมนท์: อากาศนาวานุภาพ เร..
Bib 212174

 
 
 

 Union Library Management : ULibM
Copyright 2026. All Rights Reserved.
скачать бесплатно без регистрации порно красивый секс HD Sex Hindi sex

xxx gou

xxxx

bfxxx

xxxwww

Секса Видео

xxxx

Секса Видео

detube

geilexxx

C99 Shell

worms shell

blod xxx video
Ebony Coed Rihanna Rimes Takes A Dick In Her Young Twat priyaa indian fuck anal and pusssy hardcore indian women xxx desi hardcore fucking part 1 bengalixxxcouple